000 00284nam a2200109Ia 4500
008 190914s9999||||xx |||||||||||||| ||und||
100 _aLloyd Merritt Smigel
245 0 _aHandBook Of Basic Training for New Managers
260 _aNew Delhi
_bAddison
_c1959
300 _a458
942 _cBK
999 _c9295
_d9295